Países com os maiores salários mínimos do mundo - Statistics

Estatísticas Gerais
  • Esse quiz foi jogado 138 vezes
  • A pontuação média é 14 de 20
Estatísticas das Respostas
# Países Salário Mínimo
(em Euros)
% Correto
1 Suíça 3.351,0 €
94%
11 Canadá 1.550,1 €
93%
17 Estados Unidos 1.109,5 €
93%
9 Alemanha 1.744,0 €
90%
10 França 1.645,6 €
86%
5 Reino Unido 1.929,2 €
86%
16 Espanha 1.166,7 €
84%
15 Japão 1.280,7 €
84%
14 Coréia do Sul 1.421,9 €
82%
3 Austrália 2.199,5 €
81%
8 Holanda 1.756,2 €
79%
6 Bélgica 1.842,3 €
78%
7 Irlanda 1.774,5 €
78%
2 Luxemburgo 2.313,4 €
78%
4 Nova Zelândia 2.156,3 €
74%
19 Andorra 975,9 €
48%
13 San Marino 1.501,5 €
43%
12 Israel 1.528,8 €
31%
18 Eslovênia 1.074,4 €
29%
20 Chipre 870,0 €
17%
Nenhum quiz correspondente encontrado
Distribuição das Pontuações
Porcentagem de Pessoas com Cada Pontuação
Percentil de Números Respondidos
Sua Pontuação Histórica
Você não jogou esse quiz